Standard Handbook of Video and Television Engineering /
Contenido: Luz, visión y fotometría; Color, representación y reproducción; Componentes ópticos y sistemas; Compresión de imágenes digital y procesamiento de señales; Optica de electrones y deflexión; Cámaras de video; Sistemas de grabación de video; Estándares de producción, equipo y diseño de siste...
Shranjeno v:
| Glavni avtor: | |
|---|---|
| Drugi avtorji: | |
| Format: | Knjiga |
| Jezik: | angleščina |
| Izdano: |
Nueva York, EUA :
McGraw-Hill,
2003, c2003
|
| Izdaja: | 4a edición |
| Serija: | (McGraw-Hill Video/Audio Professional)
|
| Teme: | |
| Oznake: |
Brez oznak, prvi označite!
|
MARC
| LEADER | 00000nam^a2200000^a^4500 | ||
|---|---|---|---|
| 001 | 000153970 | ||
| 005 | 20250521000000.0 | ||
| 009 | 20260310100336.929 | ||
| 020 | |a 0-07-141180-1 | ||
| 037 | |a Acervo ITESO - Biblioteca | ||
| 041 | |a ING | ||
| 082 | |a 621. 388 |b WHI | ||
| 100 | |a Whitaker, Jerry C. |e (ed.) | ||
| 245 | 1 | 0 | |a Standard Handbook of Video and Television Engineering / |c Ed. de J.C. Whitaker, B. Benson. |
| 250 | |a 4a edición | ||
| 264 | 4 | |a Nueva York, EUA : |b McGraw-Hill, |c 2003, c2003 | |
| 300 | |a 1 v. (varias paginaciones) + |e 1 disco compacto de computadora | ||
| 336 | |a texto |b txt |2 rdacontenido | ||
| 337 | |a sin mediación |b n |2 rdamedio | ||
| 338 | |a volumen |b nc |2 rdasoporte | ||
| 440 | 1 | |a (McGraw-Hill Video/Audio Professional) | |
| 520 | |a Contenido: Luz, visión y fotometría; Color, representación y reproducción; Componentes ópticos y sistemas; Compresión de imágenes digital y procesamiento de señales; Optica de electrones y deflexión; Cámaras de video; Sistemas de grabación de video; Estándares de producción, equipo y diseño de sistemas; Tecnologías de compresión para video y audio; Principios de redes, protocolos y sistemas; Sistemas de transmisión de televisión digital. | ||
| 649 | |a XX | ||
| 650 | |a Color | ||
| 650 | |a Luz | ||
| 650 | |a Televisión Digital | ||
| 650 | |a Televisión | ||
| 650 | |a Video - |x Equipo y Aparatos | ||
| 650 | |a Grabación y Reproducción del Sonido | ||
| 650 | |a Sonido | ||
| 650 | |a Grabación y Reproducción de la Imagen | ||
| 650 | |a Compresión de Imágenes | ||
| 650 | |a Imagen | ||
| 650 | |a Señales y Transmisión de Señales | ||
| 650 | |a Proceso Electrónico de Datos | ||
| 650 | |a Comunicación en Red | ||
| 650 | |a Redes de Computadoras | ||
| 650 | |a Redes de Comunicación | ||
| 650 | |a Comunicaciones y Tránsito | ||
| 650 | |a Protocolos de Comunicación | ||
| 650 | |a Sistemas de Telecomunicación | ||
| 650 | |a Telecomunicaciones | ||
| 650 | |a Optoelectrónica | ||
| 650 | |a Optica | ||
| 650 | |a Física | ||
| 650 | |a Electrónica Digital | ||
| 650 | |a Electrónica | ||
| 650 | |a Ingeniería Computacional | ||
| 650 | |a Ingeniería Electrónica | ||
| 700 | |a Benson, Blair |e (edición) | ||
| 910 | |a Fondo General | ||
| 920 | |a Impresos - Libros | ||
| 930 | |a Colección General | ||
| 905 | |a 101 | ||
| 901 | |a 0500086706 |b IT1 |c ACC |u 20250521 | ||
| 901 | |a 0500086712 |b IT2 |c SWS |u 20250521 | ||
| 902 | |a https://opac.biblio.iteso.mx/vufind/Record/000153970 | ||